000 01644nam a2200421 i 4500
001 36788
003 KOSZ 005
005 20240405063116.0
008 970505s1996 pl f |000 0 pol d
020 _a8390276887
040 _cKOSZ 005
_aKOSZ 005
_dKOSZ 005/HR
041 0 _apol
046 _k1996
080 _a332.1(438)"1989/..."
080 _a330.322(438)
245 0 0 _aPromocja inwestycji przez gminy :
_bpraca zbiorowa /
_cpod red. Mieczysława Bąka i Przemysława Kulawczuka i Stanisława Gindy ; Instytut Badań nad Demokracją i Przedsiębiorstwem Prywatnym, Przedstawicielstwo Fundacji im. Friedricha Naumanna w Polsce.
260 _aWarszawa :
_bIBDiPP,
_c1996.
300 _a150 s. :
_brys. ;
_c30 cm.
336 _2rdacontent
_aTekst
_btxt
337 _2rdamedia
_aBez urządzenia pośredniczącego
_bn
338 _2rdacarrier
_aWolumin
_bnc
380 _aKsiążki
388 _a1901-2000
388 _a1989-2000
648 7 _a1901-2000
648 7 _a1989-2000
650 7 _aGminy
650 7 _aInwestycje
658 _aGospodarka, ekonomia, finanse
650 7 _aGospodarka regionalna
700 1 _aBąk, Mieczysław
_eRedakcja
700 1 _aKulawczuk, Przemysław
_d(1961- )
_eRedakcja
700 1 _aGinda, Stanisław
_eRedakcja
710 2 _aInstytut Badań nad Demokracją i Przedsiębiorstwem Prywatnym
710 0 _aFundacja im. Friedricha Naumanna
856 _uhttp://koha.tu.koszalin.pl/cgi-bin/koha/opac-detail.pl?biblionumber=36788
_yKatalog online BPK
942 _cKS
_2UKD
999 _c36788
_d36788